Probabilidad y estadística aplicadas a la ingeniería

Kaydedildi:
Detaylı Bibliyografya
Yazar: Montgomery, Douglas C.
Diğer Yazarlar: Runger, George C.
Materyal Türü: Kitap
Dil:Spanish
Baskı/Yayın Bilgisi: México, Distrito Federal : Limusa Wiley, 2006
Konular:
Etiketler: Etiketle
Etiket eklenmemiş, İlk siz ekleyin!

MARC

LEADER 00000nam a22000007a 4500
007 519.5 M787p2
008 170530b2006 cr a|||| |||| 00| ||spa d
020 |a 9789681859152 
100 |9 8627  |a Montgomery, Douglas C. 
245 |a Probabilidad y estadística aplicadas a la ingeniería 
260 |a  México, Distrito Federal : Limusa Wiley,  |c 2006 
300 |a  xvi, 817, [108] páginas : ilustraciones  
500 |a Traducción de: Applied statistics and probability for engineers  
521 |a   
650 |x PROBABILIDADES   |x ESTADISTICA MATEMATICA  |9 8630 
700 |9 8629  |a Runger, George C. 
942 |2 ddc  |c BK 
999 |c 18469  |d 18469